Minicomputers : Guidelines for first time users
Tallennettuna:
| Päätekijä: | |
|---|---|
| Aineistotyyppi: | Kirja |
| Kieli: | Undetermined |
| Julkaistu: |
Hong Kong
Abacus Press
1980
|
| Aiheet: | |
| Tagit: |
Lisää tagi
Ei tageja, Lisää ensimmäinen tagi!
|
| Thư viện lưu trữ: | Trung tâm Học liệu Trường Đại học Cần Thơ |
|---|
| LEADER | 00501nam a2200193Ia 4500 | ||
|---|---|---|---|
| 001 | CTU_84022 | ||
| 008 | 210402s9999 xx 000 0 und d | ||
| 082 | |a 001.6 | ||
| 082 | |b P152 | ||
| 100 | |a Paker, Yakup | ||
| 245 | 0 | |a Minicomputers : | |
| 245 | 0 | |b Guidelines for first time users | |
| 245 | 0 | |c Yakup Paker | |
| 260 | |a Hong Kong | ||
| 260 | |b Abacus Press | ||
| 260 | |c 1980 | ||
| 650 | |a Minicomputers | ||
| 904 | |i Qhieu(sửa) | ||
| 980 | |a Trung tâm Học liệu Trường Đại học Cần Thơ | ||